| 000 | 00404nam a2200121Ia 4500 | ||
|---|---|---|---|
| 008 | 220615s9999||||xx |||||||||||||| ||und|| | ||
| 245 | 0 |
_aGas Chromatography _bBiochemicals, Narcotics and Essential Oils |
|
| 546 | _aEnglish[eng] | ||
| 650 | _aSolid state chemistry | ||
| 700 | _aSalih, Bekir||Ç, r | ||
| 856 | _uhttps://mts.intechopen.com/storage/books/1496/authors_book/authors_book.pdf | ||
| 942 | _cEB | ||
| 999 |
_c13413 _d13413 |
||